International human rights in context law, politics, morals : text and materials

Bibliographic Details
Main Authors: Steiner, Henry J. (Author), Alston, Philip (Author)
Format: Book
Language:English
PhysicalDescription:xxiii, 1497 s. 25 cm
Published: Oxford [etc.] Oxford University Press c2000
ISBN:0198298498
Edition:2nd ed.
Subjects:

MARC

LEADER 00000nam a2200000 a 4500
001 vtls001406072
003 SK-MaSNL
005 20260302072051.0
008 251124s2000 xxu r 0 eng
020 |a 0198298498  |c [1000,00] 
035 |a SNK000360708 
040 |a SNK  |b slo  |c SNK  |e AACR2 
044 |a GB  |a US 
080 |a 342.7(100)=20  |2 1981 
080 |a 41.123.04:342.7(100)  |2 1981 
080 |a 061.1(100)  |2 1981 
100 1 |a Steiner, Henry J.  |4 aut  |9 734667 
245 1 |a International human rights in context  |b law, politics, morals : text and materials  |c Henry J. Steiner and Philip Alston 
250 |a 2nd ed. 
260 |a Oxford [etc.]  |b Oxford University Press  |c c2000 
300 |a xxiii, 1497 s.  |c 25 cm 
500 |a Autor Henry J. Steiner má vl. m. Jeremiah Smith, ml. 
650 0 7 |a práva ľudské medzinárodné  |x zákony  |x politika  |x morálka  |x monografie  |2 SNK  |9 734668 
700 1 |a Alston, Philip  |4 aut  |9 734669 
919 |a 0-19-829849-8 
999 |c 1154875  |d 1156805 
952 |t P60, <04>, [BOOK], {604}  |a SNK  |b SNK  |y VYP  |7 0  |p 17A0270772  |o snkIC 129239  |i snkV 224/2001  |0 0  |1 0  |4 0  |d 2001-02-21  |l 0  |r 2005-01-02 00:00:00  |w 2026-02-24